/ مناظر قدرت کی عکاسی (Record no. 109498)
[ view plain ]
| 000 -LEADER | |
|---|---|
| fixed length control field | 00830nam a22002537a 4500 |
| 005 - DATE AND TIME OF LATEST TRANSACTION | |
| control field | 20170123162354.0 |
| 010 ## - LIBRARY OF CONGRESS CONTROL NUMBER | |
| LC control number | 397055 |
| 020 ## - INTERNATIONAL STANDARD BOOK NUMBER | |
| Terms of availability | 00.00 |
| 035 ## - SYSTEM CONTROL NUMBER | |
| System control number | 397055 |
| 037 ## - SOURCE OF ACQUISITION | |
| Source of stock number/acquisition | Cen Lib/Ret |
| 040 ## - CATALOGING SOURCE | |
| Original cataloging agency | DPL |
| Language of cataloging | UR |
| 082 ## - DEWEY DECIMAL CLASSIFICATION NUMBER | |
| Classification number | 841 |
| Item number | ق ر ے |
| 100 ## - MAIN ENTRY--PERSONAL NAME | |
| Personal name | قریشی، عزیز احمد |
| 9 (RLIN) | 475 |
| 245 ## - TITLE STATEMENT | |
| Title | / مناظر قدرت کی عکاسی |
| Statement of responsibility, etc | عزیز احمد قریشی |
| 246 ## - VARYING FORM OF TITLE | |
| Title proper/short title | Munazir-e- qudrat ki akkasi / |
| Remainder of title | by Aziz Ahmad Qureshi |
| 260 ## - PUBLICATION, DISTRIBUTION, ETC. (IMPRINT) | |
| Place of publication, distribution, etc | کشمیر |
| Name of publisher, distributor, etc | شاہین بک سٹال |
| Date of publication, distribution, etc | 00?? |
| 270 ## - ADDRESS | |
| City | کشمیر |
| Address | سری نگر کشمیر |
| 300 ## - PHYSICAL DESCRIPTION | |
| Extent | 296p. |
| Dimensions | 13cm(Hb) |
| 650 ## - SUBJECT ADDED ENTRY--TOPICAL TERM | |
| Topical term or geographic name as entry element | اردو ادب |
| 9 (RLIN) | 138374 |
| 650 ## - SUBJECT ADDED ENTRY--TOPICAL TERM | |
| Topical term or geographic name as entry element | اردو ادب |
| Form subdivision | شاعری |
| 9 (RLIN) | 138375 |
| 650 ## - SUBJECT ADDED ENTRY--TOPICAL TERM | |
| Topical term or geographic name as entry element | Urdu litrerature |
| 9 (RLIN) | 590 |
| 650 ## - SUBJECT ADDED ENTRY--TOPICAL TERM | |
| Topical term or geographic name as entry element | Urdu literature |
| Form subdivision | Poetry |
| 9 (RLIN) | 591 |
| 942 ## - ADDED ENTRY ELEMENTS (KOHA) | |
| Source of classification or shelving scheme | Dewey Decimal Classification |
| Koha item type | Urdu Bks |
| Classification part | 841 |
| Call number suffix | ق ر ے |
| Withdrawn status | Lost status | Damaged status | Not for loan | Home library | Current library | Date acquired | Source of acquisition | Cost, normal purchase price | Total Checkouts | Full call number | Barcode | Date last seen | Copy number | Cost, replacement price | Price effective from | Koha item type |
|---|---|---|---|---|---|---|---|---|---|---|---|---|---|---|---|---|
| Central Library | Central Library | 16/03/2016 | Cen Lib/Ref | 0.00 | 841 ق ر ے | 397055 | 16/03/2016 | 1 | 0.00 | 16/03/2016 | Urdu Bks |
